Guess the Language #4 - Statistics

General Stats
  • This quiz has been taken 25 times
  • The average score is 4 of 12
Answer Stats
"Good Morning" Language % Correct
صباح الخير Arabic
87%
おはようございます Japanese
83%
Sabahınız xeyir Azerbaijani
43%
ສະບາຍດີຕອນເຊົ້າ Lao
39%
Hurihia tēnei pūkete hei pūkete paetata Māori
35%
Manuia le taeao Samoan
30%
Maidin mhaith Irish
26%
Dobro jutro Bosnian
22%
Добро утро Macedonian
22%
Labrīt Latvian
17%
Mālō ʻEtau Maʻu e Pong Tongan
17%
Yadra vinaka Fijian
13%
No matching quizzes found
Score Distribution
Percent of People with Each Score
Percentile by Number Answered
Your Score History
You have not taken this quiz